00780 2200289 4500001002100000005001500021035002000036007000300056008004100059020002200100082000800122084001400130100002800144245009300172260004900265300003600314650002800350700002400378990001100402990001100413990001000424990001200434990001100446990001100457990001000468990001200478INLIS00000000000206720220811111313 a0010-0718000019ta220811 g 0 ind  a978-602-03-1504-1 a745 a745 KAT t0 aKATHARINA, Ingrid Gosal1 aTerampil Membuat Boneka Kelinci /cKatharina Ingrid Gosal; editor, Petra Aquina Budiarti aJakarta :bPT. Gramedia Pustaka Utama,c2015 a97 hlm. :bilus. ;c18 X 24 cm. 4aKERAJINAN TANGAN.BONEKA0 aPETRA, Aquina Gosal a16472a a16472b a15228 a15228 b a16472b a16472a a15228 a15228 b